Top Corn Producing U.S. States - Statistics

General Stats
  • This quiz has been taken 61 times
  • The average score is 9 of 10
Answer Stats
State % Correct
Kansas
94%
Iowa
92%
Illinois
91%
Indiana
89%
Nebraska
89%
Ohio
87%
Missouri
85%
Minnesota
81%
South Dakota
77%
Wisconsin
75%
No matching quizzes found
Score Distribution
Percent of People with Each Score
Percentile by Number Answered
Your Score History
You have not taken this quiz